000 00341nam a2200133 i 4500
001 bg
100 1 _aSTRZAŁECKI, A.
245 0 _aTwórczość a style rozwiązywania problemów praktycznych /
_cA.Strzałecki.
260 _aWrocław,
_c1989.
040 _cBPK
041 _apol
942 _cKS
008 s pl f |000 0 pol
999 _c29086
_d29086
856 _uhttp://koha.tu.koszalin.pl/cgi-bin/koha/opac-detail.pl?biblionumber=29086
_yKatalog online BPK